Một số công trình nghiên cứu về Miễn dịch dị ứng

Đã lưu trong:
Sonraí Bibleagrafaíochta
Príomhúdar: Trường Đại học Y khoa Hà Nội
Formáid: Leabhar
Teanga:Undetermined
Foilsithe: Hà Nội Y học 1986
Ábhair:
Clibeanna: Cuir Clib Leis
Gan Chlibeanna, Bí ar an gcéad duine leis an taifead seo a chlibeáil!
Thư viện lưu trữ: Trung tâm Học liệu Trường Đại học Cần Thơ
LEADER 00555nam a2200169Ia 4500
001 CTU_45851
008 210402s9999 xx 000 0 und d
082 |a 616.0795 
082 |b Tr561 
100 |a Trường Đại học Y khoa Hà Nội 
245 0 |a Một số công trình nghiên cứu về Miễn dịch dị ứng 
245 0 |c Trường Đại học Y khoa Hà Nội 
260 |a Hà Nội 
260 |b Y học 
260 |c 1986 
650 |a immunology 
980 |a Trung tâm Học liệu Trường Đại học Cần Thơ